000 02298cim a2200553 i 4500
001 19660745
003 NUST
005 20221213181347.0
007 sd fsngnnmmned
008 170524t20162016nyunnn|e z | eng d
010 _a 2017623070
020 _a9781427274663
020 _a1427274665
024 3 _a9781427274663
035 _a(OCoLC)ocn954570363
040 _aTOH
_beng
_erda
_cTOH
_dTEF
_dOCLCO
_dOCLCQ
_dOCLCF
_dOCLCO
_dJPL
_dOCLCO
_dZHB
_dIHV
_dIEP
_dJBL
_dOCLCO
_dWIMVL
_dPLS
_dDLC
042 _alccopycat
050 0 0 _aSDC 84516
082 0 4 _a303.483,FRI
_223
100 1 _aFriedman, Thomas L.,
_eauthor,
_enarrator.
_910417
245 1 0 _aThank you for being late :
_ban optimist's guide to thriving in the age of accelerations /
_cThomas L. Friedman.
264 1 _aNew York :
_bMacmillan Audio,
_c[2016]
264 4 _c℗2016
300 _a486 p.:
505 _aPart-1: Reflecting (Page-3), Part-2: Accelerating (Page-19), Part-3: Innovating (Page-187), Part-4: Anchoring (Page-447).
648 7 _a2000-2099
_2fast
_919929
650 0 _aTechnological innovations
_xSocial aspects.
650 0 _aTechnology and civilization.
_914664
650 0 _aClimatic changes
_xSocial aspects.
_9104788
650 0 _aGeopolitics.
_983838
650 0 _aPolitical participation.
_997263
650 0 _aGlobalization.
650 0 _aCivilization, Modern
_y21st century.
_9104789
650 7 _aCivilization, Modern.
_2fast
_0(OCoLC)fst00863073
_990819
650 7 _aClimatic changes
_xSocial aspects.
_2fast
_0(OCoLC)fst00864268
_9104788
650 7 _aGeopolitics.
_2fast
_0(OCoLC)fst00941045
_983838
650 7 _aGlobalization.
_2fast
_0(OCoLC)fst00943532
_9104794
650 7 _aPolitical participation.
_2fast
_0(OCoLC)fst01069386
_997263
650 7 _aTechnological innovations
_xSocial aspects.
_2fast
_0(OCoLC)fst01145049
_9104795
650 7 _aTechnology and civilization.
_2fast
_0(OCoLC)fst01145253
_914664
650 1 _aTechnology and civilization.
_914664
650 7 _aTechnological innovations
_xSocial aspects.
_9104795
650 7 _aGlobalization.
_9104794
655 7 _aAudiobooks.
_2lcgft
_922543
655 7 _aAudiobooks.
_2fast
_0(OCoLC)fst01726208
_922543
655 7 _aCompact discs.
_2lcsh
_9104792
700 1 _aWyman, Oliver,
_enarrator.
_9104793
942 _2ddc
_cBK
_k303.483,FRI
999 _c592682
_d592682